000 00699nam a2200193Ii 4500
003 JO-AjNU
008 230605s9999||||xx |||||||||||||| ||und||
040 _aJO-AjNU
_bara
_erda
_cJO-AjNU
041 _aara
050 1 4 _aBP173.756.K33.1983
100 3 _aالكفراوي،عوف محمود,
_eauthor
_98686
245 0 0 _aالرقابة المالية في الإسلام
264 3 1 _aالاسكندرية:مؤسسة شباب الجامعه ،1983
300 _a310ص
336 _atext
_btxt
_2rdacontent
337 _aunmediated
_bn
_2rdamedia
338 _avolume
_bnc
_2rdacarrier
650 4 _aالرقابة المالية-فقه اسلامي-النظام المالي في الاسلام
_98687
999 _aA916
_c4484
_d4484